LEADER 01455cam--2200421---450- 001 990005915480203316 005 20160429120218.0 010 $a978-88-348-9264-0 035 $a000591548 035 $aUSA01000591548 035 $a(ALEPH)000591548USA01 035 $a000591548 100 $a20131210d2013----km-y0itay50------ba 101 $aita 102 $aIT 105 $a||||||||001yy 200 1 $aIntorno alla vita che nasce$ediritto ebraico, canonico e islamico a confronto$fprefazione di Silvio Ferrari$ga cura di Marco Goldoni$gintroduzione di Andrea Zanotti 210 $aTorino$cGiappichelli$d2013 215 $aIX, 303 p.$d24 cm 225 2 $aCentro di Judaica Goren-Goldstein 410 0$1001$aCentro di Judaica Goren-Goldstein 606 0 $aEmbrioni$xTutela$xDiritto canonico [e] Diritto ebraico [e] Diritto islamico$2BNCF 676 $a296.39 700 1$aFERRARI,$bSilvio$0143521 702 1$aGOLDONI,$bMarco 702 1$aZANOTTI,$bAndrea 801 0$aIT$bsalbc$gISBD 912 $a990005915480203316 951 $aXXII.1.F. 113$b78700 G.$cXXII.1.F.$d00350278 959 $aBK 969 $aGIU 979 $aFIORELLA$b90$c20131210$lUSA01$h1008 979 $aFIORELLA$b90$c20131210$lUSA01$h1016 979 $aFIORELLA$b90$c20160429$lUSA01$h1201 979 $aFIORELLA$b90$c20160429$lUSA01$h1202 979 $aFIORELLA$b90$c20160429$lUSA01$h1202 996 $aIntorno alla vita che nasce$91386971 997 $aUNISA LEADER 03553nam 22007335 450 001 9910483962303321 005 20251113193631.0 010 $a9783030541934 010 $a3030541932 024 7 $a10.1007/978-3-030-54193-4 035 $a(CKB)4100000011528468 035 $a(MiAaPQ)EBC6382156 035 $a(DE-He213)978-3-030-54193-4 035 $a(PPN)253257050 035 $a(Perlego)3480603 035 $a(EXLCZ)994100000011528468 100 $a20201030d2021 u| 0 101 0 $aeng 135 $auruv#---aunu| 181 $ctxt$2rdacontent 182 $cc$2rdamedia 183 $acr$2rdacarrier 200 10$aPolicing County Lines $eResponses To Evolving Provincial Drug Markets /$fby Jack Spicer 205 $a1st ed. 2021. 210 1$aCham :$cSpringer International Publishing :$cImprint: Palgrave Macmillan,$d2021. 215 $a1 online resource 225 1 $aPalgrave Studies in Risk, Crime and Society,$x2946-2525 311 08$a9783030541927 311 08$a3030541924 320 $aIncludes bibliographical references and index. 327 $a1. Introduction -- 2. County Lines -- 3. Policing Drug Markets -- 4. Navigating A ?Newsy? Field -- 5. Policing A Crisis? -- 6. New Tactics -- 7. More Of The Same? -- 8. Drug Market Priorities -- 9. Conclusion. 330 $aThe County Lines phenomenon has become one of the most significant drug market developments in the UK over recent years. This book analyses how it is being responded to by the police in affected provincial areas. Drawing on unique ethnographic fieldwork, it takes readers into police stations and out onto the streets with officers, providing timely insight into the policing of this high profile and challenging drug market context. The book considers the use of new police tactics that have been proposed and familiar methods that officers regularly embarked on. Through a sophisticated theoretical framework it argues that the policing of County Lines can often be considered ?symbolic?, with concerns regularly placed on sending out strong messages that appear superficial when closely examined. Alongside this, however, there appears to be a progressive shift towards a more pragmatic drugs policing approach that embraces harm reduction principles.This cutting-edge research speaks to academicsin Criminology and Policing, and to practitioners and policy makers. 410 0$aPalgrave Studies in Risk, Crime and Society,$x2946-2525 606 $aCriminology 606 $aTransnational crime 606 $aJuvenile delinquents 606 $aOrganized crime 606 $aCommunity development 606 $aSocial service 606 $aCrime Control and Security 606 $aTransnational Crime 606 $aYouth Offending and Juvenile Justice 606 $aOrganized Crime 606 $aSocial Work and Community Development 615 0$aCriminology. 615 0$aTransnational crime. 615 0$aJuvenile delinquents. 615 0$aOrganized crime. 615 0$aCommunity development. 615 0$aSocial service. 615 14$aCrime Control and Security. 615 24$aTransnational Crime. 615 24$aYouth Offending and Juvenile Justice. 615 24$aOrganized Crime. 615 24$aSocial Work and Community Development. 676 $a363.450941 700 $aSpicer$b Jack$0966869 801 0$bMiAaPQ 801 1$bMiAaPQ 801 2$bMiAaPQ 906 $aBOOK 912 $a9910483962303321 996 $aPolicing county lines$92585199 997 $aUNINA